| 000 | 00354nam a2200133Ia 4500 | ||
|---|---|---|---|
| 008 | 240624s9999 xx 000 0 und d | ||
| 041 | _aeng | ||
| 082 | _a332.6 KIM | ||
| 100 | _aKIMELMAN MICHAEL | ||
| 245 | _aCONFESSIONS OF A WALL STREET INSIDER A C | ||
| 260 |
_c2017 _aNew York _bSKYHORSE PUBLISHING |
||
| 300 | _axiv, 273 p.; 23 cm. | ||
| 365 |
_c _b33 |
||
| 999 |
_c32159 _d32159 |
||